Farbige Grafik in der DDR (IV) : Ausstellung vom 15.9.1989-3.12.1989, Staatliches Museum Schwerin, Kunstsammlungen, Schlösser und Gärten.
Disimpan dalam:
| Pengarang Korporat: | |
|---|---|
| Format: | Buku |
| Bahasa: | German |
| Diterbitkan: |
[Schwerin] :
Das Museum,
[1989?]
|
| Subjek-subjek: | |
| Penanda-penanda: |
Tambah Penanda
Tiada Penanda, Jadilah orang pertama menanda rekod ini!
|
| LEADER | 00749cam a2200217 a 4500 | ||
|---|---|---|---|
| 001 | 009653109-6 | ||
| 005 | 20050513170206.0 | ||
| 008 | 900402s1989 gw a c f000 0 ger | ||
| 010 | |a 90139130 | ||
| 020 | |a 3861060027 | ||
| 035 | 0 | |a ocm22766449 | |
| 040 | |a DLC |c DLC |d DLC | ||
| 043 | |a e-ge--- | ||
| 050 | 0 | 0 | |a NE654.6 |b .F38 1989 |
| 245 | 0 | 0 | |a Farbige Grafik in der DDR (IV) : |b Ausstellung vom 15.9.1989-3.12.1989, Staatliches Museum Schwerin, Kunstsammlungen, Schlösser und Gärten. |
| 260 | |a [Schwerin] : |b Das Museum, |c [1989?] | ||
| 300 | |a 96 p. : |b chiefly ill. (some col.) ; |c 20 x 21 cm. | ||
| 650 | 0 | |a Color prints, German |z Germany (East) |y 20th century |v Exhibitions. | |
| 710 | 2 | |a Staatliches Museum Schwerin. | |
| 988 | |a 20050513 | ||
| 906 | |0 DLC | ||


